| 000 | 00911nam a2200241 a 4500 | ||
|---|---|---|---|
| 001 | 000008376 | ||
| 005 | 20260330121013.0 | ||
| 008 | 090916s1998 dr 000 0 spa d | ||
| 020 | _z60578410 | ||
| 040 |
_aDO-SdBNP _bspa _cBNPHU |
||
| 082 |
_a303.4 _bV943n |
||
| 245 | 0 | 3 |
_aLa voluntad de la nación : _bpropuestas aprobadas en la primera etapa del diálogo nacional / _cCordinadores Carlos Dore Cabral, Esther Hernández Medina. |
| 260 |
_aSanto Domingo : _bAlfa y Omega, _c1998. |
||
| 300 |
_a443 p. ; _c29 cm. |
||
| 590 | _aInventariado, 2018/BT | ||
| 650 | 4 |
_aCambio social _zRepública Dominicana _922599 |
|
| 651 | 4 |
_aRepùblica Dominicana _xPolítica Económica _9643 |
|
| 650 | 4 |
_aPolítica cultural _zRepública Dominicana _91984 |
|
| 650 | 4 |
_aPolítica de desarrollo _922600 |
|
| 650 | 0 |
_aEstado de derecho _910179 |
|
| 650 | 0 |
_aMedio ambiente _99250 |
|
| 910 | _aValidado. Control de calidad. MMOLINA | ||
| 999 |
_c8147 _d8147 |
||